01013nam a2200277 i 4500001001000000003000900010005001700019007000300036008004100039040003000080041000800110082002500118100004900143245009700192250002300289264007400312300002600386336002700412337003400439338002800473490002600501500006300527500005800590651006000648700002700708000016555DO-SdBNP20250925094247.0ta100308 1976 dr 000 0 spa d aDO-SdBNPbspacBNPHUerda aspa 4a972.93054bM385m2221 aMartínez, Orlando,d1944-1975eautor4aut.10aMicroscopio /cOrlando Martínez ; organización temática y notas, Carlos Dore y Cabral. aPrimera edición  1aSanto Domingo, República Dominicana :bEdiciones de Taller,c1976-. avolúmenes ;c24 cm. atextobtxt2rdacontent asin mediasciónbn2rdamedia avolumenbnc2rdacarrier aBiblioteca Tallerv70 aIncluye datos biográficos del autor en la página 11-12 aLa biblioteca posee la primera y la segunda edición 4aRepública DominicanaxPolítica y gobiernoxHistoria1 aDore y Cabral, Carlos